<?xml version="1.0" encoding="UTF-8"?>
<record
    xmlns:xsi="http://www.w3.org/2001/XMLSchema-instance"
    xsi:schemaLocation="http://www.loc.gov/MARC21/slim http://www.loc.gov/standards/marcxml/schema/MARC21slim.xsd"
    xmlns="http://www.loc.gov/MARC21/slim">

  <leader>01570nam a2200325 a 4500</leader>
  <controlfield tag="001">000000399</controlfield>
  <controlfield tag="003">DO-SdBNP</controlfield>
  <controlfield tag="005">20180402132515.0</controlfield>
  <controlfield tag="007">000000399</controlfield>
  <controlfield tag="008">081127s 1998    dr a          000 j spa d</controlfield>
  <datafield tag="040" ind1=" " ind2=" ">
    <subfield code="a">BPMSU</subfield>
    <subfield code="b">spa</subfield>
    <subfield code="c">BPMSU</subfield>
  </datafield>
  <datafield tag="082" ind1=" " ind2="4">
    <subfield code="a">813.3</subfield>
    <subfield code="b">R696m</subfield>
  </datafield>
  <datafield tag="100" ind1="1" ind2=" ">
    <subfield code="a">Rodr&#xED;guez Calca&#xF1;o, Rafael.</subfield>
  </datafield>
  <datafield tag="245" ind1="1" ind2="0">
    <subfield code="a">Moby Dick /</subfield>
    <subfield code="c">Herman Melville ; versi&#xF3;n Rafael Rodr&#xED;guez Calca&#xF1;o ; ilustraci&#xF3;n Dorindo Carvalho</subfield>
  </datafield>
  <datafield tag="260" ind1=" " ind2=" ">
    <subfield code="a">Santo Domingo :</subfield>
    <subfield code="b">Tobog&#xE1;n,</subfield>
    <subfield code="c">1998.</subfield>
  </datafield>
  <datafield tag="300" ind1=" " ind2=" ">
    <subfield code="a">117 p. :</subfield>
    <subfield code="b">il. ;</subfield>
    <subfield code="c">23 cm.</subfield>
  </datafield>
  <datafield tag="490" ind1="1" ind2=" ">
    <subfield code="a">Cl&#xE1;sicos universales Tobog&#xE1;n </subfield>
  </datafield>
  <datafield tag="505" ind1="0" ind2=" ">
    <subfield code="t">En busca de aventura --</subfield>
    <subfield code="t">La posada del surtidor --</subfield>
    <subfield code="t">Encuentro a Queequeg --</subfield>
    <subfield code="t">Nantucket --</subfield>
    <subfield code="t">La partida --</subfield>
    <subfield code="t">La tripulaci&#xF3;n --</subfield>
    <subfield code="t">El juramento --</subfield>
    <subfield code="t">Primera botadura --</subfield>
    <subfield code="t">El surtidor fantasma --</subfield>
    <subfield code="t">Historia del &lt;&lt;Town-Ho&gt;&gt; --</subfield>
    <subfield code="t">El gran &lt;&lt;Squid&gt;&gt; --</subfield>
    <subfield code="t">Los piratas --</subfield>
    <subfield code="t">las extremidades perdidas --</subfield>
    <subfield code="t">Starbuck y el capit&#xE1;n --</subfield>
    <subfield code="t">Un arp&#xF3;n para el cachalote --</subfield>
    <subfield code="t">La extra&#xF1;a profec&#xED;a --</subfield>
    <subfield code="t">Encuentro con el &lt;&lt;Raquel&gt;&gt; --</subfield>
    <subfield code="t">Primer d&#xED;a de caza --</subfield>
    <subfield code="t">Segundo d&#xED;a de caza --</subfield>
    <subfield code="t">Tercer d&#xED;a de caza --</subfield>
    <subfield code="t">Ep&#xED;logo --</subfield>
  </datafield>
  <datafield tag="650" ind1=" " ind2="4">
    <subfield code="a">CUENTOS INFANTILES  ESTADOUNIDENSES</subfield>
  </datafield>
  <datafield tag="650" ind1=" " ind2="4">
    <subfield code="a">LITERATURA ESTADOUNIDENSE</subfield>
  </datafield>
  <datafield tag="700" ind1="1" ind2=" ">
    <subfield code="a">Carvalho, Dorindo.</subfield>
    <subfield code="e">il.</subfield>
  </datafield>
  <datafield tag="700" ind1="1" ind2=" ">
    <subfield code="a">Melville, Herman</subfield>
    <subfield code="d">1819-1891</subfield>
    <subfield code="t">Moby Dick</subfield>
  </datafield>
  <datafield tag="830" ind1=" " ind2="0">
    <subfield code="a">Cl&#xE1;sicos universales Tobog&#xE1;n </subfield>
  </datafield>
  <datafield tag="910" ind1=" " ind2=" ">
    <subfield code="a">Validado. Control de calidad MFF</subfield>
  </datafield>
  <datafield tag="942" ind1=" " ind2=" ">
    <subfield code="2">ddc</subfield>
    <subfield code="c">BK</subfield>
  </datafield>
  <datafield tag="945" ind1=" " ind2=" ">
    <subfield code="a">Inventariado, 2018/ YL</subfield>
  </datafield>
  <datafield tag="952" ind1=" " ind2=" ">
    <subfield code="0">0</subfield>
    <subfield code="1">0</subfield>
    <subfield code="2">ddc</subfield>
    <subfield code="4">0</subfield>
    <subfield code="7">0</subfield>
    <subfield code="8">CJ-D</subfield>
    <subfield code="a">BPMET</subfield>
    <subfield code="b">BPMET</subfield>
    <subfield code="d">2015-02-24</subfield>
    <subfield code="l">0</subfield>
    <subfield code="o">813.3 R696m</subfield>
    <subfield code="p">BPMSU15040137</subfield>
    <subfield code="r">2015-02-24</subfield>
    <subfield code="w">2015-02-24</subfield>
    <subfield code="y">BK</subfield>
  </datafield>
  <datafield tag="952" ind1=" " ind2=" ">
    <subfield code="0">0</subfield>
    <subfield code="1">0</subfield>
    <subfield code="2">ddc</subfield>
    <subfield code="4">0</subfield>
    <subfield code="7">0</subfield>
    <subfield code="8">CI-D</subfield>
    <subfield code="a">BPMET</subfield>
    <subfield code="b">BPMET</subfield>
    <subfield code="d">2018-02-23</subfield>
    <subfield code="e">Donado por Codetel</subfield>
    <subfield code="l">0</subfield>
    <subfield code="o">813.3 R696m</subfield>
    <subfield code="p">BPMSU18020261</subfield>
    <subfield code="r">2018-02-23</subfield>
    <subfield code="w">2018-02-23</subfield>
    <subfield code="y">BK</subfield>
  </datafield>
  <datafield tag="952" ind1=" " ind2=" ">
    <subfield code="0">0</subfield>
    <subfield code="1">0</subfield>
    <subfield code="2">ddc</subfield>
    <subfield code="4">0</subfield>
    <subfield code="7">0</subfield>
    <subfield code="8">CJ-D</subfield>
    <subfield code="a">BPMET</subfield>
    <subfield code="b">BPMET</subfield>
    <subfield code="d">2018-04-02</subfield>
    <subfield code="l">0</subfield>
    <subfield code="o">813.3 R696m</subfield>
    <subfield code="p">BPMSU18040005</subfield>
    <subfield code="r">2018-04-02</subfield>
    <subfield code="w">2018-04-02</subfield>
    <subfield code="y">BK</subfield>
  </datafield>
  <datafield tag="956" ind1=" " ind2=" ">
    <subfield code="a">YPOLANCO</subfield>
    <subfield code="b">04</subfield>
    <subfield code="c">20110513</subfield>
    <subfield code="l">BND01</subfield>
    <subfield code="h">1203</subfield>
  </datafield>
  <datafield tag="956" ind1=" " ind2=" ">
    <subfield code="a">VMATEO</subfield>
    <subfield code="b">10</subfield>
    <subfield code="c">20150223</subfield>
    <subfield code="l">BND01</subfield>
    <subfield code="h">000151</subfield>
  </datafield>
  <datafield tag="956" ind1=" " ind2=" ">
    <subfield code="a">VMATEO</subfield>
    <subfield code="b">10</subfield>
    <subfield code="c">20150903</subfield>
    <subfield code="l">BPMSU</subfield>
    <subfield code="h">00151</subfield>
  </datafield>
  <datafield tag="999" ind1=" " ind2=" ">
    <subfield code="c">7492</subfield>
    <subfield code="d">7492</subfield>
  </datafield>
</record>
